1867 1539 1810 1721 1242 1972 1623 1608 1618 1886 1340 1084 1481 1656 1471 1100 1559 1171 1025 1337 1298 1038 1064 1638 1690 1004 1141 1992 1966 1150 1230 1774 1890 1157 1839 1182 1804 1057 1868 1551 1218 1588 1645 1982 1228 1046 1382 1248 1765 1187 1901 1740 1592 1573 1492 1017 1679 1069 1185 1934 1182 1873 1801 1836 1527 1169 1393 1133 1705 1444 1830 1907 1067 1833 1026 1667 1748 1772 1661 1113 1631 1616 1190 1008 1455 1093 1914 1795 1977 1232 1394 1210 1439 1690 1591 1288 1085 1246 1653 BCNSPRNW ULIB Ver.6.0+V

เปลี่ยนเป็นภาษาไทย

Change to English
 แสดงรายละเอียดบรรณานุกรม
  กลับหน้าหลัก

Brief Record : Get Marc (ISO 2709) : E-mail record : QR code < ปิดหน้าต่าง
LEADER : 00000nam 2200000uu 4500
001    13399111351
003     ULIB
008    110623s2548||||th 000 0 tha d
020    9789741324538
060  4 QU4^bด451ช 2548
100 0  ดาวัลย์ ฉิมภู่
245 10 ชีวเคมี /^cดาวัลย์ ฉิมภู่
250    พิมพ์ครั้งที่ 2
260    กรุงเทพฯ :^bสำนักพิมพ์แห่งจุฬาลงกรณ์มหาวิทยาลัย,^c2548
300    534 หน้า :^bภาพประกอบ ;^c30 ซม.
650  7 ชีวเคมี
945    ^p370^l0^i16175
945    ^p370^l0^i24575
945    ^p370^l0^i24573
945    ^p370^l0^i14107
945    ^p370^l0^i24574
945    ^p370^l0^i14106
945    ^p370^l0^i16174
995    กัณชพร
999    ^aใช้งานได้ทุกระบบ
รายการนี้ยังไม่มีแท็ก
คุณยังไม่ได้ล็อกอิน คุณสามารถมีกิจกรรมร่วมกับเว็บไซต์ได้ แต่ต้องล็อกอินก่อน ::
  ล็อกอิน

รายการสื่อสารสนเทศ

ลำดับที่ ประเภท เลขเรียก/บาร์โค้ด สถานที่ สถานะ
1. วิทยาศาสตร์การแพทย์ และสุขภาพ
วิทยาศาสตร์การแพทย์ และสุขภาพ
QU4 ด451ช 2548 ฉ.7 
  Barcode: 16174
ห้องสมุดวิทยาเขตสวรรค์ประชารักษ์
►หนังสือทั่วไป
บนชั้น

รายการใกล้เคียง
    ผู้แต่ง [ดาวัลย์ ฉิมภู่]

    หัวเรื่อง [ชีวเคมี]

BibComment


ยังไม่เคยถูกคอมเมนท์

คอมเมนท์ทรัพยากรรายการนี้
  คอมเมนท์: ชีวเคมี ดาวัลย์ ..


 Copyright 2026. Bcnsprnw @Library